<?xml version="1.0" encoding="UTF-8"?>
<marc:record xmlns:marc="http://www.loc.gov/MARC21/slim">
   <marc:leader>00000nam a2200000 a 4500</marc:leader>
   <marc:datafield ind1="1" ind2=" " tag="100">
      <marc:subfield code="a">Böhmig, Reimund</marc:subfield>
      <marc:subfield code="4">ctb</marc:subfield>
      <marc:subfield code="e">Mitwirkende/-r</marc:subfield>
   </marc:datafield>
   <marc:datafield ind1="1" ind2=" " tag="100">
      <marc:subfield code="a">Heinemann, Michael</marc:subfield>
      <marc:subfield code="4">edt</marc:subfield>
      <marc:subfield code="e">Bearbeiter/-in</marc:subfield>
   </marc:datafield>
   <marc:datafield ind1="0" ind2="0" tag="245">
      <marc:subfield code="a">Zur Orgelmusik Olivier Messiaens</marc:subfield>
   </marc:datafield>
   <marc:datafield ind1=" " ind2="1" tag="264">
      <marc:subfield code="a">Bonn</marc:subfield>
      <marc:subfield code="b">Butz, Musikverl.</marc:subfield>
      <marc:subfield code="c">2008</marc:subfield>
   </marc:datafield>
   <marc:datafield ind1="1" ind2=" " tag="490">
      <marc:subfield code="a">BuB</marc:subfield>
      <marc:subfield code="v">08</marc:subfield>
   </marc:datafield>
   <marc:datafield ind1="1" ind2=" " tag="520">
      <marc:subfield code="a">Angaben aus der Verlagsmeldung

Zur Orgelmusik Olivier Messiaens : Teil 1: Von Le Banquet céleste bis Les Corps glorieux

In zwei Bänden liegt hier eine Einführung in Messiaens Orgelschaffen vor mit einleitenden Kapiteln zu biografischen, orgelspezifischen, musiktheoretischen und theologischen Fragestellungen sowie mit Analysen von acht bis 1939 entstandenen Einzelwerken bzw. Zyklen und einem umfangreichen dokumentarischen Anhang. Ein Schwerpunkt liegt auf der Betrachtung der geistig-theologischen Grundlagen der Orgelwerke, die auch als "tönend gefasste Theologie" bezeichnet werden.

Mit Beiträgen von Michael Heinemann, Reimund Böhmig, Hermann J. Busch, Burkhard Meischein und Lydia Weisgerber.
</marc:subfield>
   </marc:datafield>
   <marc:datafield ind1=" " ind2=" " tag="020">
      <marc:subfield code="a">9783928412087</marc:subfield>
      <marc:subfield code="9">9783928412087</marc:subfield>
   </marc:datafield>
   <marc:datafield ind1=" " ind2=" " tag="041">
      <marc:subfield code="a">ger</marc:subfield>
   </marc:datafield>
   <marc:datafield ind1=" " ind2=" " tag="300">
      <marc:subfield code="a">208 S.</marc:subfield>
   </marc:datafield>
</marc:record>
